Statistics for Ultimate NHL Teams Quiz

Click here to take the quiz!

General Stats

  • This quiz has been taken 139 times
  • The average score is 39 of 50

Answer Stats

Years ActiveTeam% Correct
1917-presentMontreal Canadiens
97%
2011-presentWinnipeg Jets
97%
1979-1996Winnipeg Jets
97%
1980-presentCalgary Flames
95%
1917-1934Ottawa Senators
95%
1992-presentOttawa Senators
95%
1917-presentToronto Maple Leafs
95%
1979-presentEdmonton Oilers
94%
1972-presentNew York Islanders
94%
1972-1980Atlanta Flames
93%
1926-presentChicago Blackhawks
93%
1926-presentNew York Rangers
93%
1992-presentTampa Bay Lightning
91%
1993-presentAnaheim Ducks
90%
1926-presentDetroit Red Wings
90%
1967-presentLos Angeles Kings
90%
1993-presentDallas Stars
89%
1993-presentFlorida Panthers
89%
2000-presentMinnesota Wild
89%
1970-presentVancouver Canucks
89%
2017-presentVegas Golden Knights
89%
1924-presentBoston Bruins
88%
1998-presentNashville Predators
88%
1967-presentPhiladelphia Flyers
88%
1970-presentBuffalo Sabres
87%
1997-presentCarolina Hurricanes
87%
1967-presentPittsburgh Penguins
87%
1995-presentColorado Avalanche
86%
1996-presentArizona Coyotes
85%
1982-presentNew Jersey Devils
85%
1991-presentSan Jose Sharks
84%
1967-presentSt. Louis Blues
84%
2000-presentColumbus Blue Jackets
83%
1974-presentWashington Capitals
82%
1999-2011Atlanta Thrashers
81%
1979-1995Quebec Nordiques
79%
1979-1997Hartford Whalers
75%
1967-1993Minnesota North Stars
75%
1924-1938Montreal Maroons
61%
1967-1976California Golden Seals
60%
1976-1982Colorado Rockies
57%
1976-1978Cleveland Barons
41%
1925-1942Brooklyn Americans
38%
1974-1976Kansas City Scouts
38%
1917-1918Montreal Wanderers
37%
1919-1920Quebec Bulldogs
37%
1920-1925Hamilton Tigers
31%
1925-1930Pittsburgh Pirates
30%
1930-1931Philadelphia Quakers
28%
1934-1935St. Louis Eagles
26%

Score Distribution

Percentile by Number Answered

Percent of People with Each Score

Your Score History

You have not taken this quiz